000 00752naa a2200217 i 4500
001 85479
003 ES-MaBCM
005 20241016125141.0
008 020716s2002 fra 000 0 fre d
021 _axx
035 _a(OCoLC)1365246650
040 _cES-MaBCM
041 0 _afre
043 _afra
245 0 0 _aBalkans, les séquelles des conflits
520 _aDossier sobre el tema: Francia, Alemania y los Balcanes. Bosnia 6 años después de los acuerdos de Dayton. La economía de Kosovo. ¿Existe una cuestión albanesa?
651 2 0 _aPaíses balcánicos
_9119330
650 2 7 _aSituación política
_960283
773 0 _aEn:
_tLe courrier des Pays de l'Est
_dParis : 2002
_w104826
_gnº 1.023, mars, p. 3-42. - Loc. S.328
942 _cAREV
999 _c85479
_d85479